Tom Hardy Films - Statistics

General Stats
  • This quiz has been taken 808 times
  • The average score is 5 of 23
Answer Stats
Year Film % Correct
2010 Inception
68%
2012 The Dark Knight Rises
65%
2008 Bronson
61%
2011 Warrior
57%
2012 This Means War
43%
2012 Lawless
41%
2008 RocknRolla
32%
2001 Black Hawk Down
25%
2011 Tinker Tailor Soldier Spy
23%
2002 Star Trek Nemesis
19%
2004 Layer Cake
17%
2006 Scenes of a Sexual Nature
9%
2006 Marie Antoinette
7%
2006 Minotaur
7%
2003 dot the i
6%
2009 Thick As Thieves
6%
2008 Sucker Punch
5%
2003 The Reckoning
5%
2004 EMR
4%
2003 LD 50 Lethal Dose
4%
2007 The Inheritance
3%
2002 Simon: An English Legionnaire / Deserter
2%
2007 The Killing Gene
2%
No matching quizzes found
Score Distribution
Percent of People with Each Score
Percentile by Number Answered
Your Score History
You have not taken this quiz